| 000 | 00354 a2200169 4500 | ||
|---|---|---|---|
| 001 | 188295 | ||
| 020 | _a978-85-7208-543-4 | ||
| 040 | _cMagnum | ||
| 100 | _aVeneza, MaurĂcio | ||
| 240 | 1 | 0 |
_aChico pena azul _lpor |
| 245 | 1 | 0 | _aChico pena azul |
| 300 | _a24 | ||
| 362 | 0 | _a2008 | |
| 440 | 1 | _aFormato | |
| 697 | _aLITERATURA INFANTO | ||
| 942 | _cBK | ||
| 999 |
_c188295 _d188295 |
||